| 000 | 00823nam a22001817a 4500 | ||
|---|---|---|---|
| 005 | 20240726142112.0 | ||
| 010 | _aHIN-128054 | ||
| 020 |
_c595.00 _a9788119308620 |
||
| 035 | _aHN-100400 | ||
| 037 | _bDBAD | ||
| 082 | _a821 | ||
| 100 |
_aप्रसाद, जयशंकर _968970 |
||
| 245 |
_aकामायनी: _bहिंदी काव्य-साहित्य की अमर कृति / _cजयशंकर प्रसाद |
||
| 260 |
_aदिल्ली _bपुष्पांजलि प्रकाशन _c2023 |
||
| 270 |
_aएल-46, गली नं. -5, शिवाजी मार्ग कारतार नगर _b दिल्ली _e110053 |
||
| 300 |
_a216पृ. _c22सेमी (सजिल्द) |
||
| 942 |
_2ddc _cHN _h821 _mप्रसाद |
||
| 999 |
_c204512 _d204512 |
||